000 00527nam a2200181 i 4500
001 150415
003 ES-MaACL
005 20260610142459.0
007 t|
008 071030s1949 cu ||||1| spa d
100 1 _aValéry, Paul,
_d1871-1945
_9243197
245 1 3 _aLa joven Parca /
_cPaul Valéry ; prólogo y traducción de Mariano Brull.
260 _aLa Habana :
_bOrígenes,
_c1949.
300 _a43 p. ;
_c20 cm.
700 1 _aBrull, Mariano.
_932123
852 _aES-MaACL
_j1904-F-4
_bR.29040
999 _c150415
_d150415